[Event "Candidates FIDE m2"]
[Site "Wijk aan Zee"]
[Date "1994.??.??"]
[Round "5"]
[White "Anand, Viswanathan"]
[Black "Jussupow, Artur"]
[Result "1-0"]
[WhiteElo "2715"]
[BlackElo "2665"]
[Annotator "Anand,V"]
[PlyCount "49"]
[EventDate "1994.01.16"]
[EventType "match"]
[EventRounds "7"]
[EventCountry "NED"]
[SourceTitle "CBM 039"]
[Source "ChessBase"]
[SourceDate "1994.04.01"]
[SourceVersion "1"]
[SourceVersionDate "1994.04.01"]
[SourceQuality "1"]

1. e4 {Wolff Yusupov} e5 2. Nf3 Nc6 3. Bb5 a6 4. Ba4 d6 5. c3 f5 {In the third
game he played 5...Bd7 but presumably didn't find an improvement he liked} 6.
exf5 Bxf5 7. O-O Bd3 8. Re1 Be7 9. Bc2 Bxc2 (9... e4 {Yusupov} 10. Bxd3 exd3
11. Re3 Qd7 (11... Nh6 12. Rxd3 O-O 13. Re3 Ne5 14. d4 Neg4 15. Re2 Bh4 16.
Bxh6 Rxf3 17. gxf3 Nxh6 18. Nd2 $18 {Timoschenko-Trapl/Dechin/1978/ECO}) 12.
Rxd3 O-O-O 13. Re3 g5 14. d4 $14 {Fuchs-Nej/Erevan/1965/ECO}) 10. Qxc2 Nf6 (
10... Nh6 {Yusupov} 11. d4 Nf7 12. d5 (12. Qb3 Rb8 13. dxe5 Ncxe5 14. Nd4 Qd7
15. Ne6 g6 16. Be3 $16 {Sax-Westerinen/Las Paimas/1978/ECO}) 12... Nb8 13. c4
Nd7 14. Nc3 Nf6 15. Be3 O-O 16. h3 Qd7 17. Rad1 g6 18. Nd2 Qf5 19. Nde4 $14 {
Balashov-Vorotnikov/Moscow/1991}) (10... Qd7 {Yusupov} 11. d4 O-O-O 12. d5 Nb8
13. c4 h6 14. Nc3 g5 15. Be3 Nf6 16. b4 $16 {Kavalek-Rat/Nice/ol/1974/ECO}) 11.
d4 (11. Qb3 $5 {Yusupov ECO}) (11. Ng5 {Yusupov} Qd7 12. d4 (12. Qb3 d5 13. d4
$13 {Vinter-Shijanovsky/USSR/1962/ECO}) 12... exd4 13. Ne6 Kf7 (13... Ne5 14.
Nxg7+ Kf7 15. Nf5 $14 {Bradvarevic-Rajkovic/Yugoslavia/ch/1962/ECO}) 14. Ng5+
Kf8 15. Qb3 d5 16. Qxb7 Re8 $13 {Gipslis-Shijanovsky/USSR/1962/ECO}) 11... O-O
{All theory and now I was about to play 12.dxe5 when I noticed that 12.d5 was
possible. After 1/2 an hour's thought (!) I decided that it was too tempting
to miss!} (11... exd4 {Yusupov} 12. cxd4 O-O 13. Nc3 Kh8 $5 (13... d5 $6 14.
Bg5 Qd7 (14... Qd6 15. Bh4 Nh5 16. Bxe7 Nxe7 17. Ng5 Nf5 18. Re5 Qg6 19. Nxd5
$16 {Van der Sterren-Westerinen/London/1978/ECO}) 15. Ne5 $1 Nxe5 16. dxe5 Ng4
17. Bxe7 Qxe7 18. Nxd5 Qh4 19. h3 Nxf2 20. Qb3 Kh8 21. e6 $18 {
Dvoirys-Vorotnikov/USSR/1985}) 14. Ng5 $5 Nxd4 15. Qd3 h6 16. Qxd4 hxg5 17.
Bxg5 Qd7 18. Nd5 Nxd5 19. Bxe7 Rf5 20. Bh4 $14 {Glek-Vorotnikov/USSR/1986}) (
11... Qd7 {Yusupov} 12. dxe5 dxe5 (12... Nxe5 13. Nxe5 dxe5 14. Be3 $14 (14.
Nd2 $14 {ECO}) (14. Rd1 Qc6 15. Bg5 O-O 16. Nd2 Bc5 17. Rf1 $10 {Balashov-Nej/
USSR/1974/ECO})) 13. Be3 (13. Nxe5 Nxe5 14. Rxe5 O-O-O $44 {ECO}) 13... O-O-O
14. Nbd2 Rhe8 15. Rad1 Qd3 16. Qxd3 Rxd3 17. Nc4 $14 {Adams-Piket/Cannes/60'/
tt/1992}) (11... e4 {Yusupov} 12. Ng5 d5 13. f3 $1 (13. Ne6 $2 Qd7 14. Nxg7+
Kf7 $17 {ECO}) 13... h6 14. Nh3 O-O (14... exf3 $4 {Wolff} 15. Qg6+ Kf8 16. Nf4
$18) 15. Nd2 exf3 (15... Bd6 16. fxe4 Bxh2+ 17. Kxh2 Ng4+ 18. Kg3 Qd6+ 19. e5
$16 {Vehi Bach-Winants/Barcelona/1991}) 16. Nxf3 Bd6 17. Bxh6 $1 $40 {
Chaplinsky-Dmitriev/USSR/1972}) 12. d5 {! Wolff} (12. dxe5 {Yusupov} Nxe5 13.
Nxe5 dxe5 14. Nd2 (14. Rxe5 $6 Ng4 $40) 14... Bc5 15. Nb3 Bb6 (15... Bd6 16. h3
$14 {ECO}) (15... Ng4 $2 16. Nxc5 Qh4 17. h3 Rxf2 18. Re2 $18 {Bannik-Estrin/
USSR/1963/ECO})) 12... e4 $8 {! Yusupov} (12... Nb8 $2 13. Ng5 Qc8 14. c4) (
12... Nxd5 $4 {Yusupov} 13. Qb3 $18) (12... Na7 {Yusupov} 13. Ng5 Qd7 14. c4 c6
15. Nc3 $16) (12... Na5 {Wolff} 13. Nbd2 b5 (13... Nxd5 14. b4 Nc6 15. Qb3 $18)
14. b4 Nb7 (14... Nc4 15. Nxc4 bxc4 16. Qe2 $18) 15. c4 $16) 13. Ng5 Ne5 $8 (
13... Nxd5 14. Qxe4 Nf6 15. Qe6+ Kh8 16. Nf7+ Rxf7 17. Qxf7 $18) 14. Ne6 Qd7 (
14... Qe8 15. Nxf8 Bxf8 16. Nd2 Qg6 17. Re3 $16) 15. Nd2 {! Wolff} (15. Nxf8 $2
Qg4 $1 16. Kf1 (16. Re3 Rxf8 17. Rg3 Qh5 $44) (16. Kh1 Rxf8 {/\ Qh4,Ng4}) (16.
Ne6 $2 Nf3+ 17. Kf1 Qxg2+ $1 $19 (17... Nxh2+ {Yusupov} 18. Kg1 Nf3+ 19. Kf1
Qxg2+ $1 {Anand})) 16... Rxf8 $40 {-/+}) 15... e3 $1 (15... Nd3 16. Rxe4 $1
Nxe4 17. Nxe4 Nxc1 18. Nxf8 Rxf8 19. Rxc1 $16) (15... Rfc8 16. Nxe4 (16. c4 {
Yusupov} c6 $132) 16... Nxd5 17. N4g5 Bxg5 18. Nxg5 $14 {Yusupov}) (15... Nxd5
{Wolff} 16. Nxf8 Qg4 17. Qxe4 $18) (15... Rfe8 {Wolff} 16. c4 Nd3 (16... c6 17.
Nxe4 cxd5 18. Nxf6+ Bxf6 19. cxd5 $18) 17. Re2 $16 {><e4}) 16. Rxe3 (16. fxe3
Rf7 17. e4 (17. Ng5 $10 {Yusupov}) 17... Nfg4 $1 18. Nf1 Bh4 $1 $44 {->}) 16...
Nxd5 17. Nxf8 {Much more messy; !? Wolff} (17. Rxe5 {This was simple and good}
dxe5 18. Nxf8 Rxf8 19. Ne4 $14) 17... Nxe3 18. Qxh7+ Kxf8 19. fxe3 (19. Qh8+
Kf7 20. Qxa8 Nxg2 $1 21. Kxg2 $8 (21. Qxb7 Nf4 $40) 21... Qg4+ $10) 19... Re8 (
19... Qg4 $2 20. Qh8+ Kf7 21. Qxa8 Qd1+ (21... Bh4 22. Qxb7 Qe2 23. g3 $18) (
21... Qe2 22. Qxb7 Qxe3+ 23. Kf1 Qd3+ 24. Ke1 $18) 22. Nf1 $18) 20. e4 (20. Ne4
$5 {Yusupov suggested this after the game as slightly better for white.}) 20...
d5 $2 {?? Wolff} (20... Qg4 21. Qf5+ (21. Nf1 {Yusupov} Nf3+ 22. Kh1 (22. Kf2
Bh4+ 23. g3 Nxh2 24. Qxh4 Qf3+ 25. Kg1 Qxf1+ 26. Kxh2 Qf2+ $10 {Schach/3/94})
22... Nh4 23. Ne3 Qe2 24. Bd2 Bf6 25. Rf1 Re5 $40 {/\Rh5 Schach/3/1994}) 21...
Qxf5 22. exf5 $14) (20... Bf6 $1 $44) (20... Bf6 {Yusupov} 21. Nf3 (21. Nf1 $14
{Wolff White is obviously better, but Black has some annoying active play.})
21... Nxf3+ 22. gxf3 d5 $1 $44) 21. Nb3 $1 $16 dxe4 $2 (21... Ng4 $1 22. e5 $1
(22. Bh6 Bf6 $1 $8 (22... Nxh6 23. Rf1+ Bf6 (23... Nf7 24. Qh8#) 24. Rxf6+ $18)
23. Rf1 Qf7 $1 (23... dxe4 24. h3)) 22... Nxe5 23. Be3 $16 (23. Bh6 $18 {Wolff}
)) (21... Qg4 $5 {Yusupov} 22. Be3 Nf3+ 23. Kh1 Nh4 24. Rf1+ Bf6 $1 25. g3 $3 (
25. Rxf6+ $2 Ke7 26. g3 (26. Rg6 Nxg6 27. Qxg7+ Kd8 28. h3 $140 Qxe4 29. Nc5
Qf5 $17) 26... Kxf6 27. Qxh4+ Qxh4 28. gxh4 Rxe4 $13) 25... Nf3 (25... Rxe4 26.
Qxh4 $1 (26. Bc5+ Ke8 (26... Kf7 27. Qxh4 Qe2 28. Qh3 $18)) 26... Qxh4 27. Bc5+
$1 $18) 26. h3 $1 Qxg3 (26... Qxe4 27. Bc5+ Kf7 28. Qh5+) 27. Bc5+ Kf7 (27...
Re7 {Yusupov} 28. Qh8+ Kf7 29. Qh5+ $18 {Anand}) 28. Qh5+ $18) 22. Be3 (22. Bh6
$6 {Yusupov} Qg4 23. Rf1+ Nf3+) 22... Bf6 (22... Qg4 23. Rf1+ Nf3+ 24. Kh1 $18)
23. Rf1 Ng4 (23... Ke7 24. Nc5) 24. Bd4 Qc6 $2 {This loses but I don't see
much else} (24... b6 {Yusupov} 25. Bxf6 Nxf6 26. Rxf6+ $18) (24... Qd5 {Yusupov
} 25. h3 Ne5 26. Rxf6+ gxf6 27. Bc5+ $18) 25. Bc5+ (25. Bc5+ Kf7 26. Qh5+) (25.
Qh8+ $140 {Yusupov} Ke7 $1 26. Bxf6+ Qxf6 $1) 1-0

[Event "EU-chT (Men) 13th"]
[Site "Leon"]
[Date "2001.11.06"]
[Round "1.4"]
[White "Vuckovic, Bojan"]
[Black "Upton, Timothy J"]
[Result "0-1"]
[WhiteElo "2466"]
[BlackElo "2303"]
[Annotator "Atlas,V"]
[PlyCount "126"]
[EventDate "2001.11.06"]
[EventType "team-swiss"]
[EventRounds "9"]
[EventCountry "ESP"]
[SourceTitle "CBM 086"]
[Source "ChessBase"]
[SourceDate "2002.02.05"]
[SourceVersion "1"]
[SourceVersionDate "2002.02.05"]
[SourceQuality "1"]
[WhiteTeam "Yugoslavia"]
[BlackTeam "Scotland"]
[WhiteTeamCountry "YUG"]
[BlackTeamCountry "SCO"]

1. e4 e5 2. Nf3 Nc6 3. Bb5 a6 4. Ba4 d6 5. c3 f5 6. exf5 Bxf5 7. O-O Bd3 8. Re1
Be7 9. Bc2 Bxc2 10. Qxc2 Nf6 11. d4 e4 12. Ng5 d5 13. f3 h6 14. Nh3 O-O 15. Nd2
exf3 16. Nxf3 Rf7 17. Re2 Bd6 18. Be3 Qd7 19. Nf2 Ng4 20. Qg6 Nxf2 21. Bxf2 Rf6
22. Qd3 Raf8 23. Kh1 Qg4 24. Bg1 Qh5 25. Ne5 Ne7 26. Re3 Qf5 27. Rae1 Qxd3 28.
Nxd3 Ng6 29. g3 h5 30. Kg2 Rf5 31. Re8 Kf7 32. Rxf8+ Nxf8 33. h3 Ne6 34. Be3
Ng5 35. Bxg5 Rxg5 36. Re3 Rf5 37. Rf3 Ke6 38. g4 hxg4 39. Re3+ Kf7 40. hxg4 Rf6
41. Rf3 Ke6 42. Rxf6+ Kxf6 43. Kf3 Kg5 44. Nf2 Kh4 45. Nd1 c6 46. Ne3 g6 47.
Ng2+ Kg5 48. Ne1 Kf6 49. Nd3 Kg5 50. b3 Kf6 51. c4 g5 52. Ke3 Ke6 53. c5 Bc7
54. Nf2 b5 55. cxb6 Bxb6 56. Nh3 Kf6 57. b4 a5 58. bxa5 Bxa5 59. Nf2 Bb6 60.
Nd3 Ke6 61. a4 Kd6 62. Ne5 $4 ({Incredible mistake! Correct was} 62. Nc1 {
/\Nb3, a4-a5}) {[%tqu "En","White's 'active' knight move allows for a simple
and elegant refutation. Do you see it?","Exploit the shaky position of the
enemy knight.","Sacrifice your bishop to eliminate the defender of the
centralized knight.","b6d4","Of course! The arising pawn ending is hopeless
for White.",3]} 62... Bxd4+ {[%csl Re5][%cal Gc6c5]} 63. Kxd4 c5+ (63... c5+ {
, and White resigned, as the pawn ending arising after} 64. Kd3 Kxe5 {is
easily won for Black.}) 0-1

[Event "RUS-ch"]
[Site "Elista"]
[Date "1994.??.??"]
[Round "6"]
[White "Balashov, Yuri S"]
[Black "Yandemirov, Valeri"]
[Result "1-0"]
[WhiteElo "2505"]
[BlackElo "2535"]
[Annotator "Belov,I"]
[PlyCount "63"]
[EventDate "1994.09.??"]
[EventType "swiss"]
[EventRounds "11"]
[EventCountry "RUS"]
[SourceTitle "CBM 044"]
[Source "ChessBase"]
[SourceDate "1995.02.01"]
[SourceVersion "1"]
[SourceVersionDate "1995.02.01"]
[SourceQuality "1"]

1. e4 {Wedberg} e5 2. Nf3 Nc6 3. Bb5 a6 4. Ba4 d6 5. c3 f5 6. exf5 Bxf5 7. O-O
(7. d4 $6 e4 8. Ng5 d5 9. f3 h6 $1 10. fxe4 hxg5 11. exf5 Bd6 12. Nd2 Qe7+ $1
13. Qe2 O-O-O $15 {Dvoirys,S-Lautier,J/Biel(izt)/1993/0:1/44/}) 7... Bd3 8. Re1
Be7 9. Bc2 $1 Bxc2 10. Qxc2 Nf6 11. d4 O-O (11... exd4 12. cxd4 O-O 13. Nc3 Kh8
$1 14. Ng5 Nxd4 $1 15. Qd3 h6 16. Qxd4 hxg5 17. Bxg5 Qd7 18. Nd5 $1 Nxd5 19.
Bxe7 Rf5 20. Bh4 $14 {Glek,I-Vorotnikov,V/URS/1976/0,5/46/}) 12. dxe5 (12. d5
$5 {Anand} e4 $8 13. Ng5 Ne5 14. Ne6 Qd7 15. Nd2 e3 16. Rxe3 Nxd5 17. Nxf8 Nxe3
18. Qxh7+ Kxf8 19. fxe3 Re8 20. h3 (20. e4 $13 d5 $2 $16 {Anand,V-Yusupov,A 
(05)/Wijk cm2/1994/1-0/25/}) 20... Qb5 $132 {Xie Jun-Lautier,J/Donner mem-A/
1994}) 12... Nxe5 13. Nxe5 dxe5 14. Be3 $5 (14. Nd2 Bc5 15. Nb3 Bb6 {Yusupov}
16. Be3 $14 {Belov}) 14... Ng4 (14... Kh8 15. Nd2 Qe8 16. Ne4 (16. Nc4 Qh5)
16... Qg6 $14) 15. Nd2 Bg5 (15... Nxe3 16. Rxe3 Bg5 (16... Bc5 17. Re2) 17. Re2
(17. Rd3 $14 {Wedberg} Qxd3) 17... Bxd2 18. Rxd2 Qg5 $14) 16. Bxg5 Qxg5 17. Ne4
Qf4 (17... Qg6 $5 18. Qb3+ Kh8 19. Qxb7 Rab8 20. Qxc7 Rxb2 $146) 18. g3 Qh6 19.
h4 Qg6 {/\Rf2} 20. Re2 b6 (20... Kh8 $32 21. Rd1 Rad8 22. Rxd8 Rxd8 23. Qb3 b5
$1) (20... Rad8 {Wedberg} 21. Rd1 $14 (21. Qb3+ Kh8 22. Qxb7 Rd3 $44)) 21. Rd1
Rad8 (21... Nf6 22. Qb3+ Kh8 23. Ng5 $16) 22. Qb3+ Kh8 23. Rxd8 Rxd8 24. Qc4 $1
h6 (24... Rd7 25. Qxa6 Qe8 26. Qc4 $18) 25. Qxc7 Rd3 $1 {/\Nf2} 26. Qc8+ Kh7
27. Qxa6 Rd1+ $2 (27... Nxf2 28. Rxf2 (28. Kg2 Qg4) 28... Qxe4 $132) 28. Kg2
Qf5 29. Qc4 Nh2 30. Nd2 $18 (30. Kxh2 $2 Qf3 $19 (30... Qf3 {Wedberg} 31. Ng5+
hxg5 32. Qe4+ Qxe4 33. Rxe4 Rd2 $14)) 30... Rxd2 (30... Ng4 31. Qe4 $18) 31.
Rxd2 Nf3 32. Re2 1-0

[Event "Cannes team g/60"]
[Site "Cannes"]
[Date "1992.??.??"]
[Round "5"]
[White "Adams, Michael"]
[Black "Piket, Jeroen"]
[Result "1-0"]
[WhiteElo "2590"]
[BlackElo "2615"]
[Annotator "Ernst,T"]
[PlyCount "111"]
[EventDate "1992.02.??"]
[EventType "team"]
[EventRounds "6"]
[EventCountry "FRA"]
[SourceTitle "CBM 028"]
[Source "ChessBase"]
[SourceDate "1992.06.01"]
[SourceVersion "1"]
[SourceVersionDate "1992.06.01"]
[SourceQuality "1"]

1. e4 e5 2. Nf3 Nc6 3. Bb5 a6 4. Ba4 d6 5. c3 f5 6. exf5 Bxf5 7. O-O Bd3 8. Re1
Be7 9. Bc2 $1 Bxc2 10. Qxc2 Nf6 11. d4 Qd7 12. dxe5 dxe5 (12... Nxe5 13. Nxe5
dxe5 14. Rxe5 O-O-O $1 $44) 13. Be3 O-O-O 14. Nbd2 {Weiss begnügt sich mit
einem dauerhaften positionellen Vorteil.} Rhe8 15. Rad1 Qd3 16. Qxd3 Rxd3 17.
Nc4 Rxd1 18. Rxd1 Bf8 19. Kf1 b5 20. Ncd2 e4 21. Nd4 Nxd4 22. Bxd4 Ng4 23. Ke2
g6 24. h3 Nh6 25. Nf1 Nf5 26. Ne3 Nxd4+ 27. Rxd4 Bg7 28. Rd1 $16 c6 29. h4 Re5
30. g4 a5 31. g5 a4 32. a3 Kc7 33. Rd2 Re7 34. Ng2 Be5 35. Ne3 Bg7 36. Rd1 Re5
37. Ng4 Rf5 38. Ke3 Rf3+ 39. Kxe4 Rh3 40. Nf6 Rxh4+ 41. f4 $18 Kc8 42. Rd6 Bf8
43. Rd2 h6 44. Ke5 hxg5 45. fxg5 Bc5 46. Ne4 Be7 47. Rg2 Kd7 48. Nf6+ Kc7 49.
Ke6 Bc5 50. Kf7 Be3 51. Kxg6 Kd6 52. Ng4 Bc1 53. Kf6 Rh3 54. g6 Rf3+ 55. Kg7
Rf4 56. Kh7 1-0

[Event "Hoogovens"]
[Site "Wijk aan Zee"]
[Date "1995.01.??"]
[Round "1"]
[White "Almasi, Zoltan"]
[Black "Winants, Luc"]
[Result "1-0"]
[WhiteElo "2620"]
[BlackElo "2500"]
[Annotator "Ernst,T"]
[PlyCount "73"]
[EventDate "1995.01.??"]
[EventType "k.o."]
[EventRounds "5"]
[EventCountry "NED"]
[SourceTitle "CBM 045"]
[Source "ChessBase"]
[SourceDate "1995.04.01"]
[SourceVersion "1"]
[SourceVersionDate "1995.04.01"]
[SourceQuality "1"]

1. e4 {Ftacnik Wedberg} e5 2. Nf3 Nc6 3. Bb5 a6 4. Ba4 d6 5. c3 f5 {[#]} 6.
exf5 Bxf5 7. O-O Bd3 8. Re1 Be7 9. Bc2 $1 Bxc2 (9... e4 $6 10. Bxd3 exd3 11.
Re3 $16 Nh6 12. Rxd3 O-O 13. Re3 Ng4 14. Re2 Bh4 15. d4 $16) 10. Qxc2 Nf6 11.
d4 {[#]} O-O (11... Qd7 12. dxe5 $14 {Adams,M-Piket,J/Cannes/1992/}) (11... e4
12. Nfd2 d5 13. f3 O-O $6 (13... exf3 14. Nxf3 $14) 14. fxe4 dxe4 15. Nxe4 $16
{Howell,J-Lejlic,S/London/1994/}) (11... exd4 12. cxd4 O-O 13. Nc3 $14 {
Glek,I-Vorotnikov,V/USSR/1986/i/41/387/}) 12. d5 $1 (12. dxe5 {Ftacnik} Nxe5
13. Nxe5 dxe5 14. Nd2 Bc5 15. Nb3 Bb6 16. Be3 $10) 12... e4 (12... Nxd5 $2 13.
Qb3 $18) (12... Nb8 {Ftacnik} 13. Ng5 Qc8 14. c4 $16) 13. Ng5 Ne5 (13... Nxd5
$2 {Ftacnik} 14. Qxe4 Nf6 15. Qe6+ Kh8 16. Nf7+ Rxf7 17. Qxf7 $18) 14. Ne6 Qd7
15. Nd2 (15. Nxf8 $6 {Ftacnik} Qg4 $1 16. Kf1 Rxf8 $44) 15... e3 (15... Rfe8 {
Ftacnik} 16. c4 Nd3 17. Re2 $16 {xe4}) 16. Rxe3 (16. fxe3 {Ftacnik} Rf7 17. e4
Nfg4 $1 18. Nf1 Bh4 $1 $132) 16... Nxd5 17. Nxf8 Nxe3 18. Qxh7+ Kxf8 19. fxe3 (
19. Qh8+ {Ftacnik} Kf7 20. Qxa8 Nxg2 $1 21. Kxg2 Qg4+ 22. Kf1 Qd1+ $10) 19...
Re8 20. Ne4 {Yusupovs recommendation} (20. h3 Qb5 $1 $44 {Xie Jun-Lautier/
Amsterdam/1994/i/61/324/}) (20. e4 Bf6 $1 $44 {Anand,V} (20... d5 $2 21. Nb3 $1
dxe4 22. Be3 Bf6 23. Rf1 Ng4 24. Bd4 Qc6 25. Bc5+ {1-0/Anand,V-Yussupov,A/Wijk
cm/1994/})) (20. b3 $6 Qg4 21. Bb2 Qe2 22. Rf1+ Bf6 23. Ne4 Ng4 $1 $19 24. Nxf6
Qxe3+ 25. Kh1 Nf2+) 20... Qg4 (20... d5 {Wedberg,T} 21. Ng3 Qg4 22. Bd2 Qg6 23.
Rf1+ Bf6 24. Qxg6 Nxg6 25. Nh5 Ke7 26. Nxf6 gxf6 $14 {ץd2}) 21. Bd2 Nf3+ 22.
Kh1 Nxd2 23. Nxd2 Qe2 (23... Bf6 $142 24. Qd3 $16) 24. Ne4 (24. Rf1+ $2 {
Ftacnik} Bf6) 24... Qd3 (24... Qxe3 $2 {Ftacnik} 25. Rf1+ Bf6 26. Nxf6 $18) 25.
Re1 d5 26. Qh8+ Kf7 27. Qh5+ Kf8 28. Nf2 (28. Ng5 $2 Bxg5 29. Qxg5 Qd2 $132)
28... Qb5 (28... Qd2 {Ftacnik} 29. Rf1 Bf6 30. Ng4 Qe2 31. Qf5 $16) 29. Ng4 Bd6
(29... Qxb2 $2 {Ftacnik} 30. Qh8+ Kf7 31. Ne5+ Ke6 32. Qxe8 $18) 30. Qh8+ Kf7
31. Qh7 Re6 (31... Qxb2 {Ftacnik} 32. Rf1+ Ke6 33. Qxg7 Rf8 34. Qh6+ Kd7 35.
Ne5+ $1 Bxe5 36. Qxf8 $18) 32. Kg1 $1 $40 Qxb2 33. Rf1+ Ke8 34. Qxg7 Kd8 35.
Nf6 Qb5 36. Qg8+ Ke7 37. Nxd5+ (37. Nxd5+ {Ftacnik} Kd7 38. Qf7+ Be7 39. Qxe6+
Kxe6 40. Nxc7+ $18) 1-0

[Event "Interzonal-16"]
[Site "Biel"]
[Date "1993.??.??"]
[Round "2"]
[White "Dvoirys, Semen I"]
[Black "Lautier, Joel"]
[Result "0-1"]
[WhiteElo "2590"]
[BlackElo "2620"]
[Annotator "Lautier,J"]
[PlyCount "88"]
[EventDate "1993.07.16"]
[EventType "swiss"]
[EventRounds "13"]
[EventCountry "SUI"]
[SourceTitle "CBM 037"]
[Source "ChessBase"]
[SourceDate "1993.12.01"]
[SourceVersion "1"]
[SourceVersionDate "1993.12.01"]
[SourceQuality "1"]

1. e4 {Wolff Ernst} e5 2. Nf3 Nc6 3. Bb5 a6 4. Ba4 d6 5. c3 f5 6. exf5 Bxf5 7.
d4 $6 (7. O-O {Ernst} Bd3 8. Re1 Be7 (8... e4 $6 9. Qb3 Rb8 (9... b5 10. c4 $1
Bxc4 (10... Nge7 11. cxb5 $16) 11. Rxe4+ Nge7 12. Rxc4 Na5 13. Bxb5+ axb5 14.
Qxb5+ c6 15. Qa4 Nxc4 16. Qxc4 d5 17. Qe2 $16) 10. Nd4 Nge7 11. c4 Kd7 12. Ne6
$5 Qe8 13. Nf4 b5 14. cxb5 axb5 15. Qe6+ Kd8 {Krogius-Lutikov/USSR/1960/} 16.
Bd1 $16 Ne5 17. Nc3 g5 18. Bh5 Qc6 {Pares Vives,J-Mularczyk,J/CCYB5/1991} 19.
Nxd3 exd3 (19... Nxd3 20. Rxe4 Nc5 21. Qf6 $18) 20. a4 b4 21. Ne4 h6 22. b3 Bg7
23. Bb2 Qd7 24. Qxd7+ Kxd7 25. Nc5+ $1 $16) 9. Bc2 $1 Bxc2 10. Qxc2 Nf6 (10...
Nh6 11. d4 Nf7 12. d5 Nb8 13. c4 Nd7 14. Nc3 $16 {Balashov,Y-Vorotnikov,V/
Moscow7op/1991/}) 11. d4 Qd7 (11... e4 12. Ng5 d5 13. f3 h6 14. Nh3 O-O 15. Nd2
$16 {Vehi Bach,V-Winants,L/Barcelona Vulca/1991/}) (11... exd4 12. cxd4 O-O 13.
Nc3 Qd7 {Bittorf,H-Thon,F/CC-BdF-Meisterkl-VorrJ20/1986/} 14. d5 Nb4 15. Qb3
Nd3 16. Re3 $14) 12. dxe5 dxe5 13. Be3 O-O-O 14. Nbd2 $14 {Adams,M-Piket,J/
Cannes 60'Team/1992/}) 7... e4 8. Ng5 (8. d5 $6 {Ernst} exf3 9. dxc6 Qe7+ $5 (
9... b5 10. Qxf3 Bxb1 11. Bb3 Bg6 12. O-O {Karklins-Nance/USA/1989} Be7 $1 $15)
10. Be3 b5 11. Bb3 fxg2 12. Rg1 Nf6 $15 {Delanoije-Geenen,M/CCYB5/1991/}) 8...
d5 9. f3 h6 $1 10. fxe4 hxg5 11. exf5 Bd6 12. Nd2 (12. Qe2+ {Ernst} Kf8 $44)
12... Qe7+ $1 $146 (12... Qf6 {is the usual move.}) (12... Qf6 {Ernst} 13. Nf3
Bg3+ 14. Ke2 Qe7+ 15. Kd2 g4 16. Bxc6+ bxc6 17. hxg3 Rxh1 18. Qxh1 gxf3 19.
Qh5+ Kd7 20. Qxf3 Re8 21. Kc2 Qe1 22. Qg4 Qf2+ (22... Re2+ 23. Kb3 Qd1+ 24. Ka3
$14) 23. Bd2 Re2 24. Rd1 Kd8 {Mordhorst,H-Kreutzkamp,HR/Hamburg-ch/1991/} 25.
Kc1 $14) 13. Qe2 O-O-O $15 14. Bxc6 $2 (14. Nf3 g4 $15 {/\} 15. Bxc6 $4 {/\ Ne5
} Qxe2+ 16. Kxe2 gxf3+ $19) 14... bxc6 15. Nf3 {/\ Ne5} (15. Nf1 {Wolff} Re8 (
15... Qxe2+ 16. Kxe2 g4 17. Bg5 Re8+ 18. Kd3 Rh5 19. Be3 $14 {/\ Ng3}) 16. Qxe7
Nxe7 (16... Rxe7+ 17. Be3 $10) 17. Bxg5 Nxf5+ (17... Rh5 18. h4) 18. Kd2 Rh5
19. h4 Nxh4 20. Bxh4 Reh8 21. g3 g5 22. Re1 gxh4 23. Rxh4 Rxh4 24. gxh4 Rxh4
$10) 15... Re8 $1 $17 16. Qxe7 (16. Ne5 Bxe5 17. Qxa6+ Kd7 18. dxe5 Qxe5+ 19.
Kd1 Rxh2 20. Rxh2 Qxh2 21. Qf1 Nf6 $17) 16... Rxe7+ 17. Kf2 g4 18. Ng5 Nh6 (
18... g3+ $2 19. Kf3 gxh2 20. Bd2 $10 {/\ Rae1}) 19. g3 $2 (19. Bd2 Nxf5 (19...
Rf8 20. Rhe1 $15) 20. Rae1 (20. g3 $2 Rxh2+ 21. Rxh2 Bxg3+ 22. Kg1 Bxh2+ 23.
Kxh2 Re2+ 24. Kg1 Rxd2 $19) 20... Rxe1 (20... g3+ $2 21. hxg3 Bxg3+ 22. Kf3 $10
) 21. Kxe1 $8 Ng3 (21... Bxh2 $2 22. Kd1) 22. Rg1 Rxh2 23. Nf7 Ne4 24. Nxd6+
cxd6 $17) 19... Rhe8 $1 (19... Nxf5 $6 20. Bf4 Bxf4 21. gxf4 Rxh2+ 22. Rxh2 g3+
23. Kf3 gxh2 24. Rh1 Re3+ 25. Kg4 g6 26. Nf3 $10) 20. Rf1 Re2+ 21. Kg1 Rc2 $1
$19 {/\ Ree2} 22. Rf2 (22. Ne6 Nxf5 23. Nxc7 Kxc7 24. Rxf5 Re1+ 25. Rf1 Rxf1+
26. Kxf1 Rxh2 $19) 22... Re1+ 23. Kg2 (23. Rf1 {Wolff} Ree2 $19) 23... Rcxc1
24. Rxc1 Rxc1 25. Ne6 Ng8 $1 26. Nxg7 Nf6 27. Ne6 Ne4 28. Re2 Kd7 {zugzwang}
29. a3 a5 30. a4 Ra1 31. h3 Nxg3 (31... gxh3+ $142 32. Kxh3 Nxg3 33. Nc5+ (33.
Rf2 Nxf5 $19) 33... Bxc5 34. Kxg3 Bd6+ $19) 32. Nc5+ $8 Bxc5 33. Kxg3 Bd6+ 34.
Kxg4 Rg1+ 35. Kh5 Be7 36. h4 Rf1 37. Kg6 (37. Re5 Bf6 $19) (37. Kg4 Rh1 $19)
37... Bxh4 38. Re3 Rf2 39. b3 Rg2+ 40. Kf7 Rg3 $1 41. Re8 (41. Rxg3 Bxg3 42. f6
Be1 43. c4 Bf2 44. Kg8 Bxd4 45. f7 Bc5 $19) 41... Rf3 42. Re5 Rxc3 43. f6 Bxf6
44. Kxf6 Rf3+ 0-1